[Event "Open Vysocina 2018"]
[Site "Trebic"]
[Date "2018.09.23"]
[Round "2"]
[White "Grabarczyk, Sylwester"]
[Black "Hrivnakova, Anna"]
[Result "1-0"]
[WhiteElo "1782"]
[BlackElo "1538"]
[PlyCount "74"]
[EventDate "2018.09.22"]

1. e4 c5 2. f4 d6 3. Nf3 Nc6 4. Bc4 Bg4 5. Bxf7+ Kxf7 6. Ng5+ Ke8 7. Qxg4 Nf6
8. Qe6 Nd4 9. Qf7+ Kd7 10. Na3 h6 11. e5 hxg5 12. exf6 gxf6 13. fxg5 fxg5 14.
c3 Nc6 15. d4 cxd4 16. Bxg5 Ne5 17. Qd5 Qb6 18. O-O-O Rc8 19. Rxd4 Bg7 20. Re1
Rc5 21. Qe4 Kc7 22. Bxe7 Bh6+ 23. Kb1 Bf8 24. Rxd6 Nc6 25. Bxf8 Rxf8 26. Rxc6+
Qxc6 27. Qe7+ Kb6 28. Qxf8 Qg6+ 29. Ka1 Qd3 30. Qf2 Qf5 31. Nc4+ Kc6 32. Qd4
Rd5 33. Ne5+ Kd6 34. Qb4+ Kc7 35. Qe7+ Kc8 36. c4 Rd2 37. Qc5+ Kb8 1-0

[Event "Open Vysocina 2018"]
[Site "Trebic"]
[Date "2018.09.23"]
[Round "2"]
[White "Divis, Jan"]
[Black "Stork, Rostislav"]
[Result "1/2-1/2"]
[WhiteElo "1526"]
[BlackElo "1779"]
[PlyCount "32"]
[EventDate "2018.09.22"]

1. d4 d5 2. Bf4 Nf6 3. e3 c5 4. c3 e6 5. Nd2 Bd6 6. Bg3 O-O 7. Ngf3 b6 8. Be2
a5 9. a4 Ba6 10. O-O Bxg3 11. hxg3 Bxe2 12. Qxe2 Qd6 13. Ne5 cxd4 14. exd4 Nfd7
15. Ndf3 Nxe5 16. Nxe5 Nc6 1/2-1/2

[Event "Open Vysocina 2018"]
[Site "Trebic"]
[Date "2018.09.23"]
[Round "2"]
[White "Endler, Boris"]
[Black "Rychtecky, Pavel"]
[Result "1-0"]
[WhiteElo "1778"]
[BlackElo "1537"]
[PlyCount "71"]
[EventDate "2018.09.22"]

1. e4 c5 2. c3 d5 3. exd5 Qxd5 4. d4 Nc6 5. Nf3 cxd4 6. cxd4 e5 7. Nc3 Bb4 8.
Bd2 Bxc3 9. Bxc3 e4 10. Ne5 Nf6 11. Bc4 Bg4 12. Bxd5 Bxd1 13. Bxc6+ bxc6 14.
Rxd1 O-O 15. Nxc6 Nd5 16. Nb4 Nxc3 17. bxc3 Rac8 18. Kd2 Rfd8 19. Rhe1 f5 20.
g4 g6 21. gxf5 gxf5 22. Nc2 Kf7 23. Rb1 Rb8 24. c4 Rg8 25. Rxb8 Rxb8 26. Kc3
Rg8 27. Ne3 Ke6 28. f4 exf3 29. Rf1 f4 30. Nd5 Rg4 31. Rxf3 Kf5 32. Ne3+ Ke4
33. Nxg4 Kxf3 34. Ne5+ Ke4 35. c5 Kd5 36. Kd3 1-0

[Event "Open Vysocina 2018"]
[Site "Trebic"]
[Date "2018.09.23"]
[Round "2"]
[White "Habada, Jindrich"]
[Black "Benda, Vladimir"]
[Result "0-1"]
[WhiteElo "1761"]
[BlackElo "1493"]
[PlyCount "92"]
[EventDate "2018.09.22"]

1. e4 c5 2. Nf3 Nc6 3. d4 cxd4 4. Nxd4 Nf6 5. Nc3 d6 6. Be2 e6 7. Be3 Be7 8.
O-O O-O 9. Kh1 Nxd4 10. Bxd4 e5 11. Be3 b6 12. Bf3 Ba6 13. Re1 h6 14. Qd2 Kh7
15. Rad1 Qd7 16. h3 Bc4 17. Ne2 Be6 18. Kh2 Rac8 19. g4 Ng8 20. Ng3 g6 21. Bg2
Rfd8 22. b3 Bh4 23. Qe2 Be7 24. c4 Rb8 25. f4 f6 26. Rd2 Qc7 27. Rc2 Bf8 28.
Qf2 Qc8 29. Bf3 Bf7 30. a4 exf4 31. Bxf4 Qc5 32. Be3 Qb4 33. Rb1 Qa5 34. Bg2
Qe5 35. Rd1 Qe7 36. Rcd2 Rd7 37. Bd4 Rbd8 38. Bc3 Bg7 39. Rd3 Be6 40. Ne2 Bf7
41. Nf4 Bf8 42. Re1 Bg7 43. Bb4 Qe5 44. Bc3 Qe7 45. Nd5 Bxd5 46. exd5 Qf7 0-1

[Event "Open Vysocina 2018"]
[Site "Trebic"]
[Date "2018.09.23"]
[Round "2"]
[White "Glacner, Karel"]
[Black "Svoboda, Frantisek"]
[Result "0-1"]
[WhiteElo "1482"]
[BlackElo "1760"]
[PlyCount "142"]
[EventDate "2018.09.22"]

1. e4 c5 2. g3 Nc6 3. Bg2 d6 4. d3 g6 5. c3 Bg7 6. f4 e6 7. Nf3 Nge7 8. Be3 O-O
9. Nbd2 Qc7 10. O-O Bd7 11. d4 b6 12. Rc1 Rad8 13. Qe1 Bc8 14. Qe2 Qb8 15. g4
e5 16. d5 exf4 17. Bxf4 Ne5 18. Nxe5 dxe5 19. Be3 f5 20. Bg5 Rde8 21. gxf5 gxf5
22. c4 f4 23. Qh5 Qd6 24. Bxe7 Rxe7 25. Bh3 Bxh3 26. Qxh3 Bh6 27. Nf3 Rg7+ 28.
Kh1 Kh8 29. Rcd1 Rfg8 30. Qe6 Qxe6 31. dxe6 Re7 32. Rd7 Rxe6 33. Rxa7 Rd8 34.
Nh4 Bg5 35. Nf5 Ree8 36. h4 Bf6 37. Rg1 f3 38. Nh6 Rf8 39. Nf7+ Rxf7 40. Rxf7
f2 41. Rf1 Bxh4 42. Rb7 Rd4 43. Rxb6 Rxe4 44. a4 Rxc4 45. a5 e4 46. Re6 Kg7 47.
Kg2 Kf7 48. Rh6 e3 49. Kf3 Kg7 50. Re6 Bg5 51. Ra1 Rf4+ 52. Ke2 Rb4 53. a6
Rxb2+ 54. Kf1 Rb8 55. a7 Ra8 56. Rc6 Bf6 57. Ra2 Bd4 58. Raa6 h5 59. Rc7+ Kf8
60. Rb7 Be5 61. Re6 Bg3 62. Rh6 Kg8 63. Rxh5 e2+ 64. Kxe2 Re8+ 65. Kd2 Bf4+ 66.
Kc3 f1=Q 67. Rb8 Qf3+ 68. Kc4 Rxb8 69. axb8=Q+ Bxb8 70. Rxc5 Qe4+ 71. Kb5 Be5
0-1

[Event "Open Vysocina 2018"]
[Site "Trebic"]
[Date "2018.09.23"]
[Round "2"]
[White "Zacharias, Miroslav"]
[Black "Novak, Pavel"]
[Result "1-0"]
[WhiteElo "1727"]
[BlackElo "1479"]
[PlyCount "31"]
[EventDate "2018.09.22"]

1. e4 e5 2. Nf3 d6 3. d4 exd4 4. Nxd4 Nf6 5. Nc3 g6 6. Bg5 Bg7 7. Qd2 O-O 8.
O-O-O Bd7 9. h4 Nc6 10. Nxc6 Bxc6 11. h5 Re8 12. hxg6 fxg6 13. Bc4+ Kh8 14.
Rxh7+ Kxh7 15. Rh1+ Bh6 16. Bxf6 1-0

[Event "Open Vysocina 2018"]
[Site "Trebic"]
[Date "2018.09.24"]
[Round "3"]
[White "Vecera, Pavel"]
[Black "Gokhale, Anupama"]
[Result "1-0"]
[WhiteElo "2153"]
[BlackElo "1964"]
[PlyCount "143"]
[EventDate "2018.09.22"]

1. e4 e5 2. Nf3 Nc6 3. Bb5 Nd4 4. Nxd4 exd4 5. O-O Bc5 6. d3 Ne7 7. Qh5 b6 8.
Nd2 c6 9. Bc4 O-O 10. Nf3 d5 11. exd5 cxd5 12. Bb3 Be6 13. Re1 Qd6 14. Qe5 Qd7
15. Bf4 Ng6 16. Qc7 Qb5 17. a4 Qa6 18. Bd2 Rfe8 19. Ng5 Rac8 20. Qg3 Qb7 21. h4
Qd7 22. Nxe6 Rxe6 23. h5 Bd6 24. Qg5 Re5 25. Rxe5 Nxe5 26. h6 Qg4 27. Qxg4 Nxg4
28. hxg7 Kxg7 29. Re1 Nf6 30. c3 Bc5 31. Re5 dxc3 32. Bxc3 d4 33. Rg5+ Kf8 34.
Bd2 Bd6 35. Rf5 Be7 36. Bh6+ Ke8 37. Bc4 Rc5 38. Rf4 Nd5 39. Rxd4 Nc7 40. Rg4
f5 41. Rg8+ Kd7 42. Rg7 Ne6 43. Rxh7 Kd6 44. Be3 Re5 45. d4 Re4 46. Bd3 Ng5 47.
Rh6+ Re6 48. Bf4+ Kd5 49. Rh5 Re1+ 50. Kh2 Ne6 51. Be3 Bd6+ 52. g3 Nxd4 53.
Bxf5 Nxf5 54. Rxf5+ Ke4 55. Rf7 Re2 56. Kg2 Rxb2 57. Rxa7 Bc5 58. Rf7 Kd3 59.
Bxc5 bxc5 60. Rd7+ Kc3 61. g4 Rb4 62. Kg3 Rxa4 63. g5 c4 64. f4 Kb2 65. Rb7+
Kc2 66. g6 c3 67. g7 Ra8 68. f5 Kd2 69. Rd7+ Ke3 70. Rc7 Kd2 71. f6 c2 72.
Rxc2+ 1-0

[Event "Open Vysocina 2018"]
[Site "Trebic"]
[Date "2018.09.24"]
[Round "3"]
[White "Bradac, Roman"]
[Black "Vincze, Roman"]
[Result "1/2-1/2"]
[WhiteElo "1999"]
[BlackElo "2097"]
[PlyCount "84"]
[EventDate "2018.09.22"]

1. d4 d5 2. c4 c6 3. Nf3 Nf6 4. e3 Bg4 5. Nc3 e6 6. h3 Bh5 7. g4 Bg6 8. Ne5
Nfd7 9. Nxg6 hxg6 10. Qb3 Qc7 11. Bd2 Be7 12. Rc1 Qb6 13. cxd5 Qxb3 14. axb3
exd5 15. e4 dxe4 16. Nxe4 O-O 17. Bg2 Na6 18. O-O Rfd8 19. Ba5 Rdc8 20. Bd2 Nc7
21. Nc5 Nxc5 22. dxc5 Ne6 23. Be3 Bf6 24. Rc2 Rd8 25. b4 a6 26. Be4 Rd7 27. b3
Rad8 28. Rc4 Rd1 29. Bc2 Rxf1+ 30. Kxf1 Bd4 31. Ke2 Kf8 32. h4 Ke7 33. Kf3 Bxe3
34. Kxe3 Rh8 35. g5 f6 36. gxf6+ Kxf6 37. Rg4 g5 38. hxg5+ Nxg5 39. Rf4+ Ke7
40. Rg4 Kf6 41. Rf4+ Ke7 42. Rg4 Kf6 1/2-1/2

[Event "Open Vysocina 2018"]
[Site "Trebic"]
[Date "2018.09.24"]
[Round "3"]
[White "Tesar, Jan"]
[Black "Mezlik, Stanislav"]
[Result "0-1"]
[WhiteElo "2033"]
[BlackElo "1885"]
[PlyCount "110"]
[EventDate "2018.09.22"]

1. c4 e5 2. Nc3 Nf6 3. e4 Bc5 4. Be2 d6 5. Nf3 Nc6 6. O-O Nd4 7. a3 O-O 8. d3
c6 9. h3 a6 10. Kh1 Nxf3 11. Bxf3 Be6 12. Qe1 Qd7 13. Kh2 Qc7 14. g3 Rae8 15.
Bg2 Nd7 16. g4 Qd8 17. f4 exf4 18. Bxf4 Ne5 19. Qg3 Ng6 20. Be3 Bxe3 21. Qxe3
Qa5 22. Rae1 Qe5+ 23. Kh1 h6 24. b4 Qg5 25. Qg3 Rd8 26. Ne2 Rfe8 27. Nd4 Bc8
28. Rd1 Re7 29. Rf2 Qh4 30. Qxh4 Nxh4 31. a4 Nxg2 32. Kxg2 d5 33. exd5 cxd5 34.
c5 Bd7 35. b5 Rc8 36. Rc1 g6 37. Rb2 axb5 38. axb5 Re3 39. c6 bxc6 40. bxc6 Be6
41. c7 Bd7 42. Rc5 Rxd3 43. Nf3 f6 44. Kf2 Kf7 45. Rb8 d4 46. Rc4 Rc3 47. Rxd4
R8xc7 48. Rb2 Bc6 49. Ng1 Re7 50. h4 Re4 51. Rxe4 Bxe4 52. Rb4 Bd5 53. Rb5 Ke6
54. Ne2 Rc2 55. Ke3 Rxe2+ 0-1

[Event "Open Vysocina 2018"]
[Site "Trebic"]
[Date "2018.09.24"]
[Round "3"]
[White "Bartos, Jan"]
[Black "Heppell, Ian N"]
[Result "1/2-1/2"]
[WhiteElo "2216"]
[BlackElo "2031"]
[PlyCount "44"]
[EventDate "2018.09.22"]

1. d4 f5 2. Bg5 d6 3. Nc3 Nd7 4. e4 fxe4 5. Nxe4 Ngf6 6. Ng3 e5 7. Nf3 Be7 8.
Nf5 O-O 9. Bc4+ Kh8 10. Nxe7 Qxe7 11. O-O Nb6 12. Be2 e4 13. Nh4 Be6 14. b3 d5
15. Qd2 Rae8 16. a4 Nc8 17. c4 Nd6 18. cxd5 Bxd5 19. Qb4 Qe6 20. Rab1 Ng4 21.
h3 Nf6 22. Qc3 c6 1/2-1/2

[Event "Open Vysocina 2018"]
[Site "Trebic"]
[Date "2018.09.24"]
[Round "3"]
[White "Cieslak, Leszek"]
[Black "Chu, Ruotong"]
[Result "0-1"]
[WhiteElo "1845"]
[BlackElo "2199"]
[PlyCount "60"]
[EventDate "2018.09.22"]

1. e4 c5 2. Nf3 Nc6 3. d4 cxd4 4. Nxd4 e6 5. Nc3 Qc7 6. g3 a6 7. Bg2 Nf6 8. O-O
Nxd4 9. Qxd4 Bc5 10. Qd3 d6 11. Na4 Ba7 12. c4 Ng4 13. b3 Ne5 14. Qe2 Bd7 15.
Nb2 b5 16. Bf4 bxc4 17. Bxe5 dxe5 18. Nxc4 O-O 19. Rac1 Bd4 20. Rc2 Rad8 21.
Rfc1 f5 22. Kh1 f4 23. g4 Bb5 24. Qf3 Qe7 25. Qh3 Rf6 26. Qh4 f3 27. Bxf3 Qf8
28. Nd2 Rxf3 29. Qxd8 Qxd8 30. Rc8 Rf8 0-1

[Event "Open Vysocina 2018"]
[Site "Trebic"]
[Date "2018.09.24"]
[Round "3"]
[White "Spanton, Tim R"]
[Black "Svizensky, Lubos"]
[Result "1/2-1/2"]
[WhiteElo "1923"]
[BlackElo "1937"]
[PlyCount "61"]
[EventDate "2018.09.22"]

1. d4 d5 2. c4 c6 3. Nf3 Nf6 4. Nc3 e6 5. Bg5 Nbd7 6. cxd5 exd5 7. e3 h6 8. Bh4
Bd6 9. Bd3 O-O 10. Qc2 Re8 11. O-O Qc7 12. Rae1 a5 13. e4 dxe4 14. Nxe4 Nxe4
15. Bxe4 Kf8 16. Bh7 Be7 17. Bxe7+ Rxe7 18. Rxe7 Kxe7 19. Re1+ Kf8 20. Ne5 Nxe5
21. Rxe5 Be6 22. Qc3 Rd8 23. Rxa5 Rxd4 24. Qxd4 Qxa5 25. b4 Qc7 26. Bb1 Qd7 27.
Qxd7 Bxd7 28. f4 Ke7 29. Kf2 Kd6 30. Ke3 c5 31. a3 1/2-1/2

[Event "Open Vysocina 2018"]
[Site "Trebic"]
[Date "2018.09.24"]
[Round "3"]
[White "Pribyl, Josef"]
[Black "Endler, Boris"]
[Result "1-0"]
[WhiteElo "2250"]
[BlackElo "1778"]
[PlyCount "53"]
[EventDate "2018.09.22"]

1. c4 {[%emt 0:00:00]} Nf6 2. Nf3 e6 3. b3 d5 4. Bb2 c5 5. g3 Nc6 6. Bg2 Be7 7.
O-O O-O 8. e3 b6 9. Nc3 Bb7 10. d3 Rc8 11. Qe2 Qc7 12. Rfd1 Rfd8 13. cxd5 exd5
14. d4 Bf8 15. Rac1 Qb8 16. Bh3 Rc7 17. Bf5 Bc8 18. Bxc8 Qxc8 19. Nb5 Rcd7 20.
dxc5 bxc5 21. Bxf6 gxf6 22. Nc3 Bh6 23. Na4 d4 24. Nxc5 dxe3 25. Nxd7 exf2+ 26.
Kxf2 Bxc1 27. Nxf6+ 1-0

[Event "Open Vysocina 2018"]
[Site "Trebic"]
[Date "2018.09.24"]
[Round "3"]
[White "Lampir, Tomas"]
[Black "Skurniak, Szymon"]
[Result "0-1"]
[WhiteElo "2052"]
[BlackElo "1763"]
[PlyCount "82"]
[EventDate "2018.09.22"]

1. e4 c5 2. Nc3 a6 3. f4 b5 4. Nf3 Bb7 5. g3 b4 6. Ne2 Bxe4 7. Bg2 Nf6 8. O-O
e6 9. b3 Be7 10. Bb2 O-O 11. h3 h5 12. Kh2 Nd5 13. c4 Bf6 14. Ne5 Bxg2 15. Kxg2
d6 16. cxd5 dxe5 17. dxe6 Qd5+ 18. Kh2 Qxe6 19. fxe5 Bxe5 20. Nf4 Bxf4 21. Rxf4
Re8 22. Qg1 Qd5 23. Qf2 Nd7 24. Rf1 f6 25. d4 c4 26. Rf5 Qf7 27. Qf3 c3 28. Bc1
g6 29. Rd5 Qe6 30. Rf2 Rad8 31. a3 a5 32. Rxa5 Qxb3 33. Ra7 Re1 34. Bd2 Ra1 35.
Ra8 Rxa8 36. Qxa8+ Kg7 37. Qe8 Qd5 38. Qe7+ Kg8 39. Qd8+ Kf7 40. Rxf6+ Nxf6 41.
Qc7+ Qd7 0-1

[Event "Open Vysocina 2018"]
[Site "Trebic"]
[Date "2018.09.24"]
[Round "3"]
[White "Svoboda, Frantisek"]
[Black "Bar-Or, Ornan"]
[Result "0-1"]
[WhiteElo "1760"]
[BlackElo "1931"]
[PlyCount "82"]
[EventDate "2018.09.22"]

1. e4 c5 2. g3 g6 3. Bg2 Bg7 4. c3 Nc6 5. d3 d6 6. f4 Nf6 7. Nf3 O-O 8. O-O Bd7
9. Kh1 Rc8 10. Be3 b5 11. Nbd2 a5 12. a3 b4 13. axb4 axb4 14. h3 bxc3 15. bxc3
Nh5 16. Kh2 Bxc3 17. Rc1 Bg7 18. g4 Nf6 19. e5 Nd5 20. Qe2 Re8 21. Nc4 Nxe3 22.
Qxe3 Nb4 23. Ng5 h6 24. e6 hxg5 25. exd7 Qxd7 26. Nb6 gxf4 27. Qxf4 Qe6 28. Qf3
Rb8 29. Nd7 Rbc8 30. Kh1 Nc6 31. Nb6 Ne5 32. Qb7 Rb8 33. Qc7 Rxb6 34. Qxb6 Rf8
35. Rce1 Qa2 36. Qb7 e6 37. Rd1 Qe2 38. Rfe1 Qc2 39. Qb5 Qf2 40. Rf1 Qh4 41.
Qc4 Nxc4 0-1

[Event "Open Vysocina 2018"]
[Site "Trebic"]
[Date "2018.09.24"]
[Round "3"]
[White "Aird, Ian"]
[Black "Zacharias, Miroslav"]
[Result "0-1"]
[WhiteElo "1857"]
[BlackElo "1727"]
[PlyCount "76"]
[EventDate "2018.09.22"]

1. c4 g6 2. Nc3 c5 3. Nf3 Nc6 4. e3 Bg7 5. d4 cxd4 6. exd4 d6 7. Be2 e5 8. Be3
Nge7 9. d5 Nb8 10. O-O Nf5 11. Bg5 f6 12. Bc1 O-O 13. Rb1 a5 14. a3 Na6 15. b4
b6 16. Ne4 Qe7 17. Re1 g5 18. Ng3 g4 19. Nd2 Nxg3 20. hxg3 f5 21. Nf1 h5 22.
Qd2 axb4 23. axb4 Kf7 24. Qg5 Qxg5 25. Bxg5 Bd7 26. Be3 Rfb8 27. f3 Kg6 28. Bd3
Bh6 29. Bxh6 Kxh6 30. Ne3 Kg5 31. Rb2 Nc7 32. Nc2 b5 33. c5 Nxd5 34. cxd6 Kf6
35. Kf2 Rb6 36. Rd1 Rxd6 37. Bxf5 Bxf5 38. Ne3 Rad8 0-1

[Event "Open Vysocina 2018"]
[Site "Trebic"]
[Date "2018.09.24"]
[Round "3"]
[White "Benda, Vladimir"]
[Black "Kalveus, Jan"]
[Result "0-1"]
[WhiteElo "1493"]
[BlackElo "1854"]
[PlyCount "115"]
[EventDate "2018.09.22"]

1. e4 e6 2. d4 d5 3. exd5 exd5 4. Be2 Nf6 5. Nf3 Bd6 6. O-O O-O 7. Bg5 h6 8.
Bh4 Bf5 9. Nbd2 Nbd7 10. c4 c6 11. c5 Bc7 12. b4 a6 13. Rc1 Re8 14. Nb3 Bf4 15.
Nfd2 Qc7 16. Bg3 Re7 17. Bxf4 Qxf4 18. Na5 Rae8 19. g3 Qc7 20. Bh5 Bh3 21. Bf3
Bxf1 22. Qxf1 Nf8 23. Kg2 Ne6 24. Nab3 Ng5 25. Qd3 Qd7 26. Nf1 Qh3+ 27. Kg1
Nxf3+ 28. Qxf3 Ng4 29. Qg2 Qxg2+ 30. Kxg2 Re2 31. Kf3 f5 32. Kg2 Rxf2+ 33. Kg1
Rxa2 34. h3 Nf6 35. Na5 Re7 36. Nh2 Rb2 37. Nf3 Rxb4 38. Rd1 Ra4 39. Nb3 Re3
40. Nbd2 Ne4 41. Nxe4 fxe4 42. Ne5 Rxg3+ 43. Kh2 Rc3 44. Rb1 Rxd4 45. Nd7 Rd2+
46. Kg1 e3 47. Re1 e2 48. Kf2 Rxh3 49. Ne5 Rh2+ 50. Ke3 Rd1 51. Rxe2 Rxe2+ 52.
Kxe2 Rc1 53. Nd3 Rc2+ 54. Kd1 Rc4 55. Ke2 a5 56. Kd2 Rd4 57. Kc2 Rxd3 58. Kxd3
0-1

[Event "Open Vysocina 2018"]
[Site "Trebic"]
[Date "2018.09.24"]
[Round "3"]
[White "Oburka, Vladislav"]
[Black "Smietanska, Wiktoria"]
[Result "1-0"]
[WhiteElo "1802"]
[BlackElo "1315"]
[PlyCount "89"]
[EventDate "2018.09.22"]

1. e4 c6 2. d4 d5 3. Nc3 dxe4 4. Nxe4 Bf5 5. Ng3 Bg6 6. Nf3 Nd7 7. Bd3 Bxd3 8.
Qxd3 e6 9. O-O Ngf6 10. c4 Be7 11. Bf4 O-O 12. Rfd1 Rc8 13. a3 c5 14. d5 exd5
15. cxd5 Re8 16. Rac1 Nb6 17. d6 Bf8 18. Bg5 Nbd7 19. Nh5 Re6 20. Qf5 Bxd6 21.
Nxf6+ Nxf6 22. Rd5 Qe7 23. Rcd1 Rc6 24. Qd3 h6 25. Bh4 g5 26. Bxg5 hxg5 27.
Rxg5+ Kf8 28. Qf5 Ke8 29. h4 Bc7 30. g3 Rcd6 31. Rxd6 Qxd6 32. h5 Ne4 33. Rg7
Qd7 34. h6 Nf6 35. Kg2 Qc6 36. h7 Nxh7 37. Qxf7+ Kd8 38. Rxh7 Re8 39. Rh5 Kc8
40. Rxc5 Qxc5 41. Qxe8+ Bd8 42. Qe5 Qc6 43. Qc3 Qxc3 44. bxc3 Bf6 45. c4 1-0

[Event "Open Vysocina 2018"]
[Site "Trebic"]
[Date "2018.09.24"]
[Round "3"]
[White "Zeleny, Ondrej"]
[Black "Grabarczyk, Sylwester"]
[Result "0-1"]
[WhiteElo "1358"]
[BlackElo "1782"]
[PlyCount "68"]
[EventDate "2018.09.22"]

1. Nf3 f5 2. d4 Nf6 3. c4 e6 4. Nc3 Bb4 5. Bd2 O-O 6. a3 Bxc3 7. Bxc3 Ne4 8.
Qc2 d5 9. e3 Nd7 10. c5 c6 11. Bd3 Ndf6 12. O-O Qe8 13. Ne5 Qh5 14. Be2 Qh6 15.
Qd3 a5 16. f3 Nxc3 17. Qxc3 Nd7 18. Nxd7 Bxd7 19. b4 a4 20. Rab1 f4 21. e4 Rf6
22. e5 Rf5 23. Bd3 Rh5 24. h3 Qg5 25. Kh1 Be8 26. Rg1 Qg3 27. Qd2 Bg6 28. Bxg6
hxg6 29. Rbf1 Kf7 30. Qf2 Qg5 31. Qc2 Rah8 32. Kh2 Qg3+ 33. Kh1 Rxh3+ 34. gxh3
Rxh3+ 0-1

[Event "Open Vysocina 2018"]
[Site "Trebic"]
[Date "2018.09.24"]
[Round "3"]
[White "Stork, Rostislav"]
[Black "Pacl, Vaclav"]
[Result "1/2-1/2"]
[WhiteElo "1779"]
[BlackElo "2033"]
[PlyCount "32"]
[EventDate "2018.09.22"]

1. e4 d5 2. exd5 Qxd5 3. Nc3 Qa5 4. d4 Nf6 5. Nf3 Bf5 6. Bd3 Nc6 7. Bxf5 Qxf5
8. Be3 O-O-O 9. Qe2 g5 10. O-O-O g4 11. Ne5 Nxe5 12. dxe5 Rxd1+ 13. Rxd1 Qxe5
14. Qc4 e6 15. Bxa7 Bh6+ 16. Kb1 Rd8 1/2-1/2

[Event "Open Vysocina 2018"]
[Site "Trebic"]
[Date "2018.09.24"]
[Round "3"]
[White "Divis, Jan"]
[Black "Zeleny, Tomas"]
[Result "0-1"]
[WhiteElo "1526"]
[BlackElo "1833"]
[PlyCount "122"]
[EventDate "2018.09.22"]

1. d4 d5 2. Bf4 Nf6 3. e3 c5 4. c3 Nc6 5. Nd2 Qb6 6. Qb3 c4 7. Qxb6 axb6 8. Be2
b5 9. a3 b4 10. cxb4 Nxb4 11. Rc1 Nc6 12. Ngf3 h6 13. Ne5 Bf5 14. f3 Nd7 15.
Nxc6 bxc6 16. g4 Bg6 17. h4 h5 18. g5 e6 19. e4 Nb6 20. Bd1 Kd7 21. Be5 Rg8 22.
Ke2 Bd6 23. Bxd6 Kxd6 24. Rc3 Rgb8 25. Bc2 Nc8 26. Rb1 Kc7 27. Kd1 Nd6 28. a4
Rb4 29. Kc1 Nb7 30. b3 cxb3 31. Rcxb3 Rxb3 32. Bxb3 Nd6 33. Bc2 Rf8 34. e5 Nc8
35. a5 Ne7 36. a6 Rb8 37. Rxb8 Kxb8 38. f4 Bxc2 39. Kxc2 Ka7 40. Kd3 g6 41. Nf3
Kxa6 42. Kc3 Kb5 43. Nd2 Nf5 44. Nf3 Ka4 45. Kd3 Kb4 46. Ke2 Kc4 47. Nd2+ Kxd4
48. Nb3+ Ke4 49. Na5 c5 50. Nb7 Kxf4 51. Nd6 Kxe5 52. Nxf7+ Ke4 53. Nd8 e5 54.
Nb7 Kd4 55. Na5 c4 56. Nc6+ Ke4 57. Nd8 d4 58. Nf7 d3+ 59. Kd2 Kd4 60. Nh8 c3+
61. Kc1 d2+ 0-1

[Event "Open Vysocina 2018"]
[Site "Trebic"]
[Date "2018.09.24"]
[Round "3"]
[White "Rychtecky, Pavel"]
[Black "Habada, Jindrich"]
[Result "1/2-1/2"]
[WhiteElo "1537"]
[BlackElo "1761"]
[PlyCount "54"]
[EventDate "2018.09.22"]

1. e4 c5 2. Nf3 Nc6 3. d4 cxd4 4. Nxd4 g6 5. c4 Bg7 6. Be3 Nf6 7. f3 d6 8. Nc3
O-O 9. Qd2 Bd7 10. O-O-O a6 11. Kb1 Qc7 12. Nd5 Nxd5 13. cxd5 Na7 14. Rc1 Qb8
15. h4 Rc8 16. h5 Rxc1+ 17. Qxc1 Nb5 18. Nxb5 axb5 19. hxg6 fxg6 20. Bb6 Qe8
21. Be2 e6 22. Qd2 exd5 23. exd5 Rc8 24. Rc1 Bf5+ 25. Bd3 Rxc1+ 26. Kxc1 Bxd3
27. Qxd3 Qe1+ 1/2-1/2

[Event "Open Vysocina 2018"]
[Site "Trebic"]
[Date "2018.09.24"]
[Round "3"]
[White "Hrivnakova, Anna"]
[Black "Glacner, Karel"]
[Result "1-0"]
[WhiteElo "1538"]
[BlackElo "1482"]
[PlyCount "61"]
[EventDate "2018.09.22"]

1. Nf3 h5 2. g3 a5 3. Bg2 e6 4. d4 a4 5. O-O Be7 6. c4 h4 7. Nc3 h3 8. Bh1 a3
9. Nb5 axb2 10. Bxb2 c6 11. Nc3 d6 12. Re1 f5 13. e3 g5 14. d5 e5 15. dxc6 bxc6
16. Qb3 Qc7 17. Na4 Bb7 18. c5 g4 19. cxd6 Bxd6 20. Qe6+ Qe7 21. Qg6+ Qf7 22.
Qxf7+ Kxf7 23. Nxe5+ Bxe5 24. Bxe5 Nf6 25. Nc5 Ra5 26. Bd4 Bc8 27. Reb1 Nbd7
28. Nxd7 Bxd7 29. Rb7 Rb5 30. Rxd7+ Nxd7 31. Bxh8 1-0

[Event "Open Vysocina 2018"]
[Site "Trebic"]
[Date "2018.09.24"]
[Round "3"]
[White "Novak, Pavel"]
[Black "Kovacs, Ivan"]
[Result "1/2-1/2"]
[WhiteElo "1479"]
[BlackElo "1537"]
[PlyCount "91"]
[EventDate "2018.09.22"]

1. e4 e5 2. Nf3 d6 3. d4 exd4 4. Nxd4 Nf6 5. Nc3 g6 6. Bg5 Bg7 7. Qd2 O-O 8.
O-O-O Qe8 9. f3 a6 10. Bc4 b5 11. Bd5 c6 12. Bb3 Bb7 13. Nde2 Qe5 14. Bxf6 Qxf6
15. Qxd6 Qxd6 16. Rxd6 a5 17. a4 Ba6 18. axb5 cxb5 19. Nd5 a4 20. Ba2 b4 21.
Nc7 Ra7 22. Nxa6 Rxa6 23. Rxa6 Nxa6 24. Rd1 Nc5 25. Bd5 Rc8 26. Nd4 a3 27. bxa3
bxa3 28. Kb1 Na4 29. Nb5 Rc5 30. c4 Kf8 31. Ka2 Bb2 32. Rd3 Nb6 33. Nxa3 Bxa3
34. Kxa3 Nxc4+ 35. Bxc4 Rxc4 36. g4 g5 37. Kb3 Rc6 38. Rc3 Rh6 39. Rc2 Rh3 40.
Rf2 Ke7 41. Kc3 h5 42. gxh5 Rxh5 43. Kd3 Ke6 44. Ke3 Ke5 45. f4+ gxf4+ 46. Rxf4
1/2-1/2

[Event "Open Vysocina 2018"]
[Site "Trebic"]
[Date "2018.09.25"]
[Round "4"]
[White "Mezlik, Stanislav"]
[Black "Vecera, Pavel"]
[Result "1/2-1/2"]
[WhiteElo "1885"]
[BlackElo "2153"]
[PlyCount "56"]
[EventDate "2018.09.22"]

1. e4 c5 2. Nf3 Nc6 3. d4 cxd4 4. Nxd4 Nf6 5. Nc3 d6 6. Be2 e6 7. O-O a6 8. a4
Be7 9. Kh1 O-O 10. Be3 Qc7 11. f4 Bd7 12. Nb3 Na5 13. Nd2 Rfc8 14. Qe1 b5 15.
Qf2 Nc4 16. Nxc4 bxc4 17. Bf3 Rab8 18. Ra2 Bc6 19. Re1 Nd7 20. Bd4 e5 21. Be3
exf4 22. Bxf4 Bf6 23. Qd2 Ne5 24. Be2 Ba8 25. Rd1 Rd8 26. Nd5 Bxd5 27. Qxd5 Rb6
28. Be3 Rc6 1/2-1/2

[Event "Open Vysocina 2018"]
[Site "Trebic"]
[Date "2018.09.25"]
[Round "4"]
[White "Chu, Ruotong"]
[Black "Bradac, Roman"]
[Result "1-0"]
[WhiteElo "2199"]
[BlackElo "1999"]
[PlyCount "83"]
[EventDate "2018.09.22"]

1. d4 Nf6 2. c4 e6 3. g3 Bb4+ 4. Nd2 c5 5. a3 Bxd2+ 6. Qxd2 cxd4 7. Nf3 b6 8.
Bg2 Bb7 9. Qxd4 h6 10. b4 Be4 11. O-O O-O 12. b5 d5 13. c5 bxc5 14. Qxc5 Nbd7
15. Qb4 a6 16. a4 axb5 17. a5 Ra6 18. Qxb5 Qa8 19. Bf4 Rc8 20. Rfc1 Rxc1+ 21.
Bxc1 Nb8 22. Bf1 Nc6 23. Bd2 Ra7 24. Bc3 Rb7 25. Qxc6 d4 26. Qc5 dxc3 27. Qxc3
Nd5 28. Qd4 Rb4 29. Qc5 Rb7 30. Nd2 Rc7 31. Qd4 Nc3 32. Nxe4 Nxe4 33. Bg2 f5
34. a6 Ra7 35. Qb6 Kf7 36. h4 h5 37. Bf3 g6 38. e3 Ke7 39. Be2 Nf6 40. Rc1 Rd7
41. Rc7 Qh8 42. Qc6 1-0

[Event "Open Vysocina 2018"]
[Site "Trebic"]
[Date "2018.09.25"]
[Round "4"]
[White "Vincze, Roman"]
[Black "Bartos, Jan"]
[Result "1/2-1/2"]
[WhiteElo "2097"]
[BlackElo "2216"]
[PlyCount "51"]
[EventDate "2018.09.22"]

1. d4 d5 2. Nf3 Nf6 3. Bg5 Ne4 4. Bf4 c5 5. e3 Qb6 6. Qc1 cxd4 7. exd4 Nc6 8.
c3 Bf5 9. Be2 e6 10. O-O Be7 11. Nbd2 O-O 12. Nxe4 Bxe4 13. Ne5 Rfc8 14. Nxc6
Rxc6 15. Rd1 Bf6 16. Be5 Bxe5 17. dxe5 Rac8 18. Qd2 h6 19. Bf1 a6 20. Qe2 Bg6
21. Rd4 Rc4 22. Rad1 Rxd4 23. Rxd4 Rc4 24. Qd2 Rxd4 25. cxd4 a5 26. Qc3 1/2-1/2

[Event "Open Vysocina 2018"]
[Site "Trebic"]
[Date "2018.09.25"]
[Round "4"]
[White "Pribyl, Josef"]
[Black "Spanton, Tim R"]
[Result "1-0"]
[WhiteElo "2250"]
[BlackElo "1923"]
[PlyCount "135"]
[EventDate "2018.09.22"]

1. f4 f5 2. Nf3 Nf6 3. b3 b6 4. Bb2 Bb7 5. e3 e6 6. c4 c5 7. Nc3 Nc6 8. Be2 Be7
9. h3 Nh5 10. O-O Ng3 11. Rf2 Nxe2+ 12. Qxe2 O-O 13. g4 d5 14. Rg2 d4 15. Nd1
Bf6 16. g5 d3 17. Qf1 Bxb2 18. Nxb2 Nb4 19. Rg3 Be4 20. Ne5 Qd6 21. g6 h6 22.
a3 Nc6 23. Nf7 Rxf7 24. gxf7+ Kxf7 25. Nd1 e5 26. Nc3 exf4 27. exf4 Nd4 28. Kh2
Re8 29. Re1 Nxb3 30. Nxe4 fxe4 31. Qg2 g6 32. Rxe4 Rxe4 33. Qxe4 Nxd2 34. Qxd3
Qxd3 35. Rxd3 Nxc4 36. Rd7+ Kf6 37. Rxa7 Kf5 38. Kg3 Nd6 39. Ra6 Nc4 40. Kf3 g5
41. fxg5 hxg5 42. a4 Ne5+ 43. Kg3 Nc4 44. a5 bxa5 45. Rc6 Ne5 46. Rxc5 a4 47.
Ra5 Kf6 48. Rxa4 Kf5 49. Ra6 Ng6 50. Ra8 Ne5 51. Rf8+ Kg6 52. Kf2 Nf7 53. Ke3
Nd6 54. Kd4 Nf7 55. Kd5 Kg7 56. Ra8 Kf6 57. Re8 Kf5 58. Re1 Nh6 59. Rf1+ Kg6
60. Ke6 Kg7 61. Ra1 Kg6 62. Ra5 Nf7 63. Ra8 Nh6 64. Ra6 Kg7 65. Ke5 Kh7 66. Kf6
g4 67. Ra7+ Kh8 68. Kg6 1-0